De Cerca y de lejos.

Detalles Bibliográficos
Autor principal: Lévi-Strauss, Claude
Formato: Libro
Lenguaje:inglés
Publicado: Madrid, España Alianza 1990
Materias:
Acceso en línea:

MARC

LEADER 00000cam a2200000 a 4500
001 005858
003 UAHC_CL
005 20170803120200.0
008 010822b xx j 000 1 eng
020 |a 8420696048 
040 |a UAHC_CL  |c UAHC_CL  |d UAHC_CL 
100 1 |a Lévi-Strauss, Claude 
245 1 0 |a De Cerca y de lejos. 
260 |b Alianza  |c 1990  |a Madrid, España 
300 |a 248 p. 
650 4 |a ANTROPOLOGIA CULTURAL 
653 |a ANTROPOLOGIA 
900 |a 306 LEVD 
942 |c BK 
952 |0 0  |1 0  |4 0  |6 306_000000000000000_LEVD  |7 0  |8 General  |9 12794  |a BC  |b BC  |c General  |d 2017-08-03  |l 0  |o 306 LEVD  |p 1312133  |r 2026-01-13 00:00:00  |t 1  |w 2017-08-03  |y BK 
952 |0 0  |1 0  |4 0  |6 306_000000000000000_LEVD  |7 0  |8 General  |9 12795  |a BC  |b BC  |c General  |d 2017-08-03  |l 0  |o 306 LEVD  |p 1315216  |r 2026-01-13 00:00:00  |t 2  |w 2017-08-03  |y BK 
999 |c 5858  |d 5858